Estatísticas para Municípios do Estado de Rondônia

Clique aqui para jogar o quiz

Estatísticas Gerais

  • Esse quiz foi jogado 111 vezes
  • A pontuação média é 18 de 52

Estatísticas das Respostas

Município% Correto
Porto Velho
100%
Vilhena
84%
Cacoal
79%
Ji-Paraná
79%
Ariquemes
74%
Guajará-Mirim
68%
Rolim de Moura
68%
Espigão d'Oeste
63%
Ouro Preto do Oeste
58%
Pimenta Bueno
58%
Jaru
53%
Candeias do Jamari
47%
Presidente Médici
42%
Costa Marques
37%
Machadinho d'Oeste
37%
Nova Mamoré
37%
São Francisco do Guaporé
37%
Buritis
32%
Cabixi
32%
Cacaulândia
32%
Cerejeiras
32%
Chupinguaia
32%
Colorado do Oeste
32%
Itapuã do Oeste
32%
Ministro Andreazza
32%
Mirante da Serra
32%
Alta Floresta d'Oeste
26%
Cujubim
26%
Monte Negro
26%
Parecis
26%
Pimenteiras do Oeste
26%
São Miguel do Guaporé
26%
Seringueiras
26%
Urupá
26%
Corumbiara
21%
Nova Brasilândia d'Oeste
21%
Nova União
21%
Teixeirópolis
21%
Alto Alegre dos Parecis
16%
Alto Paraíso
16%
Governador Jorge Teixeira
16%
Santa Luzia d'Oeste
16%
Theobroma
16%
Vale do Anari
16%
Vale do Paraíso
16%
Alvorada d'Oeste
11%
Campo Novo de Rondônia
11%
Castanheiras
11%
Novo Horizonte do Oeste
11%
Primavera de Rondônia
11%
Rio Crespo
11%
São Felipe d'Oeste
11%

Distribuição das Pontuações

Percentil de Números Respondidos

Porcentagem de Pessoas com Cada Pontuação

Sua Pontuação Histórica

Você não jogou esse quiz